000 00932nam a22002897a 4500
001 4533
003 FISKH
005 20240913113209.0
008 240913b cb ||||| |||| 00| 0 eng d
020 _a9780618800407
040 _aFISKH
_beng
_cFISKH
_dFISKH
050 _aPZ7.P42583
082 _a428
100 _aPerez, Monica
_eauthor
245 _aRoller Coaster /
_cAdaptation by Monica Perez : Written by Lazar Saric
260 _aBoston :
_bHoughton Mifflin Company ;
_c2007.
300 _a22 pages :
_bcolor illustrations ;
_c24 cm .
490 _a: Curious George Early Reader Level 1
505 _aK
520 _a"Learn about height and measurement with Curious George as he visits the amusement park with friends Betsy and Steve!"--
521 8 _a510
_bLexile
521 8 _aK
_bRaz-Plus
650 _amonkeys
_vfiction
700 _aSaric, Lazar
942 _2ddc
_cBK
_n0
999 _c4533
_d4533